| 000 | 01195nam a2200241Ia 4500 | ||
|---|---|---|---|
| 001 | 15964 | ||
| 003 | GE_BSU | ||
| 008 | 181216s||||||||xx |||||||||||||| ||und|| | ||
| 040 | _cGE_BSU | ||
| 080 | _a821.353.1-4 | ||
| 100 | _aხუხაშვილი, გიორგი | ||
| 245 | _aერთი დღე გმირთან. | ||
| 245 | _bნარკვევი სოციალისტური შრომის გმირ მახარაძელ გუგული ქადეიშვილზე | ||
| 245 | _cრედ.: არჩ. სულაკაური.მხ.ზ.დეისაძე | ||
| 260 | _aთბილისი | ||
| 260 | _bნაკადული | ||
| 260 | _c1974 | ||
| 300 | _a63გვ. ; 20სმ | ||
| 653 | _aერთი დღე გმირთან. | ||
| 653 | _aნარკვევი სოციალისტური შრომის გმირ მახარაძელ გუგული ქადეიშვილზე | ||
| 653 | _aქართველი მეჩაიეები; ქართველი სოციალისტური შრომის გმირები | ||
| 942 | _cBK | ||
| 999 |
_c49058 _d49058 |
||